Music Quiz

Random Music or Rock Quiz
Score 0/20 Timer 07:00
1 Play Today
% Correct
David Bowie
94.9%
The Go-Go's
90.3%
Chuck Berry
90.3%
The Who
85.7%
Dusty Springfield
83.9%
The Velvet Underground
83.6%
Queensryche
83.5%
Whitesnake
82.2%
My Chemical Romance
77.3%
Uriah Heep
77%
% Correct
Bryan Adams
76.5%
Natalie Imbruglia
74.6%
Moby Grape
70.9%
Band of Horses
68.9%
Beck
67.7%
Chicago
58.1%
Deerhoof
50.8%
Ween
47%
The Toadies
46.6%
Blonde Redhead
34.3%
Remove Ads.
Support Sporcle.
Get the best of Sporcle when you Go Orange. This ad-free experience offers more features, more stats, and more fun while also helping to support Sporcle. Thank you for becoming a member.

You're not logged in!

Compare scores with friends on all Sporcle quizzes.
OR
Log In

Show Comments

Extras

Top Quizzes Today


Score Distribution

Your Account Isn't Verified!

In order to create a playlist on Sporcle, you need to verify the email address you used during registration. Go to your Sporcle Settings to finish the process.

Report this User

Report this user for behavior that violates our Community Guidelines.

Details: